000 00344cam a22001097a 4500
008 180718b1991 xxu||||| |||| 00| 0 eng d
082 _aG1x54 P/M
245 _aEminent Parliamentarians: V.K. Krishna Menon
_cby Lok Sabha Secretariat
260 _aNew Delhi
_bLok Sabha Secretariat
_c1991
300 _a121+p
700 _aIndia. Lok Sabha Secretariat
999 _c490722
_d490722